000 01063cam a2200253 a 4500
001 4990209
005 20241217162816.0
008 980826s1998 miuk b 000 0 eng d
020 _a0310212464
050 0 0 _aPA813
_b.G88 1998
082 0 0 _a487/.4
_221
100 1 _aGuthrie, George H.,
_d1959-
245 1 0 _aBiblical Greek exegesis :
_ba graded approach to learning intermediate and advanced Greek /
_cGeorge H. Guthrie & J. Scott Duvall.
260 _aGrand Rapids, Mich. :
_bZondervan,
_cc1998.
300 _a173, [10] p. :
_bforms ;
_c28 cm.
500 _aAppendix B contains [10] pages of exegetical forms.
650 0 _aGreek language, Biblical
_xSyntax.
650 0 _aGreek language, Biblical
_xTranslating.
700 1 _aDuvall, J. Scott
856 4 2 _3Publisher description
_uhttp://www.loc.gov/catdir/enhancements/fy0633/98202422-d.html
856 4 1 _3Table of contents only
_uhttp://www.loc.gov/catdir/enhancements/fy0633/98202422-t.html
856 4 1 _3Sample text
_uhttp://www.loc.gov/catdir/enhancements/fy0642/98202422-s.html
942 _2lcc
_cBK
_n0
999 _c2427
_d2427